Toán học /

Wedi'i Gadw mewn:
Manylion Llyfryddiaeth
Prif Awdur: B.M Brađix
Fformat: Llyfr
Iaith:Vietnamese
Cyhoeddwyd: Maxcơva : Progress , 1979
Pynciau:
Tagiau: Ychwanegu Tag
Dim Tagiau, Byddwch y cyntaf i dagio'r cofnod hwn!
Thư viện lưu trữ: Thư viện Trường CĐ Kỹ Thuật Cao Thắng
LEADER 00522nam a2200181 a 4500
001 TVCDKTCT3021
003 Thư viện trường Cao đẳng Kỹ thuật Cao Thắng
005 20050909000000
008 050909
980 \ \ |a Thư viện Trường CĐ Kỹ Thuật Cao Thắng 
024 |a RG_1 #1 eb0 i1 
041 0 # |a vie 
082 # # |a 500 /   |b BR100Đ-t 
100 1 # |a B.M Brađix 
245 0 0 |a Toán học /  |c B.M Brađix 
260 # # |a Maxcơva :  |b Progress ,  |c 1979 
300 # # |a 95tr. ;  |c 20,5cm 
650 # 4 |a Toán học